00265nam a2200097Ia 4500008004100000082001600041100001400057245006900071260002000140365000700160230302s9999 xx 000 0 und d a005.3684MIC aMICROSOFT aMCSE Microsoft Windows XP Professional Training Kit Exam 70270  aNEW DELHIbPHI  cRS